| 000 | 00801cam a2200277 a 4500 | ||
|---|---|---|---|
| 005 | 20260322212026.0 | ||
| 008 | data | ||
| 010 | _a89051020 | ||
| 020 | _a0300045956 | ||
| 020 | _a0300051255 | ||
| 020 | _a9780300045956 | ||
| 020 | _a9780300051254 | ||
| 040 |
_aDLC _cDLC _dOCoLC |
||
| 043 | _aa-ii--- | ||
| 082 | 0 | 0 | _aB GANDHI, M |
| 099 | _aGANDMP | ||
| 100 | 1 |
_aBrown, Judith M. _d1944- _q(Judith Margaret), |
|
| 245 | 1 | 0 |
_aGandhi : _bprisoner of hope / _cJudith M. Brown. |
| 260 |
_aNew Haven : _bYale University Press, _c1994, c1989. |
||
| 300 |
_axii, 440 p. : _bill. ; _c24 cm. |
||
| 504 | _aIncludes bibliographical references (p. [432]-433) | ||
| 600 | 0 | 0 |
_aGandhi, _cMahatma, _d1869-1948. |
| 650 | 0 |
_aNationalists _zIndia _vBiography. |
|
| 650 | 0 |
_aStatesmen _zIndia _vBiography. |
|
| 001 | data | ||
| 999 |
_c601 _d601 |
||